000 00448nam a2200145Ia 4500
008 151213s9999 xx 000 0 und d
100 _aM.S. Haque, Raihana Shams & R. S. Shrubrall
245 _aEnglish for Today for Class - 8
_cM.S. Haque, Raihana Shams & R. S. Shrubrall
260 _aDhaka
_bJanata
_c2000
300 _a2403 p.
650 _aEnglish
650 _aEnglish
700 _aM.S. Haque, Raihana Shams & R. S. Shrubrall
999 _c1679
_d1679